| 000 | 00825cam a22002291 4500 | ||
|---|---|---|---|
| 001 | gs 44000139 | ||
| 003 | DLC | ||
| 005 | 20260227111350.0 | ||
| 008 | 851014s1913 ii b f000 0 eng c | ||
| 010 | _ags 44000139 | ||
| 035 | _a(OCoLC)12673443 | ||
| 040 |
_aU. S. Geol. Survey. Library _cTxHR _dDLC |
||
| 042 | _apremarc | ||
| 050 | 0 | 0 |
_aQE295 _b.A4 vol. 43, pt. 1 |
| 100 | 1 |
_aHolland, Thomas Henry, _cSir, _d1868- |
|
| 245 | 1 | 0 |
_aIndian geological terminology. _cBy Sir Thomas H. Holland and G. H. Tipper. |
| 260 |
_aCalcutta, _bOffice of the Geological Survey of India, _c1913. |
||
| 300 |
_aii, 127, xxiii p. _b5 maps (2 fold.) _c27 cm. |
||
| 440 | 0 |
_aMemoirs of the Geological Survey of India, _vvol. XLIII, pt. 1 |
|
| 650 | 0 |
_aGeology _zIndia _xNomenclature. |
|
| 700 | 1 |
_aTipper, George Howlett, _d1881- _ejoint author. |
|
| 999 |
_c27990 _d27990 |
||